[Event "Tenerife-chT Preferente"]
[Site "Tenerife"]
[Date "2023.02.11"]
[Round "5.4"]
[White "Mendoza Contreras, Lucas Eduardo"]
[Black "Machin Arbelo, Pedro Alexis"]
[Result "1/2-1/2"]
[WhiteElo "1990"]
[BlackElo "1896"]
[PlyCount "42"]
[EventDate "2023.01.14"]
[EventType "team-tourn"]
[EventRounds "14"]
[EventCountry "ESP"]
[SourceTitle "EXT 2024"]
[Source "ChessBase"]
[SourceDate "2023.10.10"]
[SourceVersion "1"]
[SourceVersionDate "2023.10.10"]
[SourceQuality "1"]
[WhiteTeam "Canarias 64"]
[BlackTeam "El Sauzal Libreria Barco"]
[WhiteTeamCountry "ESP"]
[BlackTeamCountry "ESP"]

1. d4 Nf6 2. Bf4 d5 3. e3 e6 4. Nf3 Bd6 5. Nbd2 c5 6. Bxd6 Qxd6 7. c3 cxd4 8. exd4 Nc6 9. Bd3 0-0 10. 0-0 e5 11. dxe5 Nxe5 12. Nxe5 Qxe5 13. Nf3 Qc7 14. h3 Re8 15. Qc2 Qf4 16. Nd4 Bd7 17. Rfe1 Rxe1+ 18. Rxe1 Re8 19. Rxe8+ Bxe8 20. g3 Qe5 21. Qe2 Qxe2 1/2-1/2

[Event "ESP-ch Seniora 50"]
[Site "Altea"]
[Date "2022.11.01"]
[Round "4"]
[White "Cano Gimenez, Vicente"]
[Black "Machin Arbelo, Pedro Alexis"]
[Result "1-0"]
[WhiteElo "2221"]
[BlackElo "1913"]
[PlyCount "137"]
[EventDate "2022.10.29"]
[EventType "swiss"]
[EventRounds "9"]
[EventCountry "ESP"]
[SourceTitle "EXT 2024"]
[Source "ChessBase"]
[SourceDate "2023.10.10"]
[SourceVersion "1"]
[SourceVersionDate "2023.10.10"]
[SourceQuality "1"]
[WhiteTeam "Spain"]
[BlackTeam "Spain"]
[WhiteTeamCountry "ESP"]
[BlackTeamCountry "ESP"]

1. Nf3 e6 2. g3 c5 3. Bg2 Nc6 4. 0-0 Nf6 5. c4 d5 6. cxd5 exd5 7. d4 Be6 8. Nc3 Be7 9. dxc5 Bxc5 10. Bg5 Be7 11. Rc1 0-0 12. Nd4 h6 13. Bf4 Nxd4 14. Qxd4 Qa5 15. Bd2 Qa6 16. Qa4 Qxa4 17. Nxa4 Rac8 18. Be3 b6 19. Nc3 Bc5 20. Bxc5 Rxc5 21. Rcd1 Ne4 22. Bxe4 dxe4 23. Rd4 f5 24. Rfd1 Kf7 25. f4 exf3 26. exf3 Rfc8 27. Kf2 b5 28. a3 a5 29. Ke3 Re5+ 30. Kf2 g5 31. f4 Rec5 32. R1d2 Rb8 33. Ke3 b4 34. axb4 Rxb4 35. Rxb4 axb4 36. Ne2 Rc4 37. Rd4 b3 38. Rxc4 Bxc4 39. Nc3 gxf4+ 40. gxf4 Kf6 41. Kd4 Bf7 42. Nd5+ Kg6 43. Ne3 Be6 44. Ke5 Bc8 45. Nd5 Kf7 46. h4 Be6 47. h5 Bc8 48. Ne3 Bb7 49. Nxf5 Bf3 50. Nxh6+ Kf8 51. Kf6 Bxh5 52. Nf5 Bf7 53. Nd6 Bg8 54. f5 Bd5 55. Ke5 Bg8 56. f6 Bh7 57. Ke6 Bg8+ 58. Ke5 Bh7 59. Kd5 Bg6 60. Nc4 Bf7+ 61. Kc5 Bg6 62. Ne5 Bc2 63. Kd5 Bf5 64. Nf3 Kf7 65. Ke5 Bd3 66. Ng5+ Kg6 67. f7 Kg7 68. Ke6 Kf8 69. Kf6 1-0

[Event "Tenerife-chT Preferente"]
[Site "Tenerife"]
[Date "2022.04.02"]
[Round "8.1"]
[White "Machin Arbelo, Pedro Alexis"]
[Black "Meneses Gonzalez, Kevin Moises"]
[Result "0-1"]
[WhiteElo "1988"]
[BlackElo "2223"]
[PlyCount "53"]
[EventDate "2022.01.29"]
[EventType "team-tourn"]
[EventRounds "14"]
[EventCountry "ESP"]
[SourceTitle "EXT 2024"]
[Source "ChessBase"]
[SourceDate "2023.10.10"]
[SourceVersion "1"]
[SourceVersionDate "2023.10.10"]
[SourceQuality "1"]
[WhiteTeam "El Sauzal"]
[BlackTeam "Ebano Barrio Nuevo"]
[WhiteTeamCountry "ESP"]
[BlackTeamCountry "ESP"]

1. d4 d5 2. Bf4 Nf6 3. Nc3 e6 4. e3 c5 5. Nf3 a6 6. dxc5 Bxc5 7. Bd3 Nc6 8. Bg5 Be7 9. 0-0 0-0 10. a3 b5 11. e4 d4 12. Ne2 e5 13. h3 Be6 14. c3 h6 15. Bxf6 Bxf6 16. cxd4 exd4 17. Nf4 Qd6 18. Nxe6 fxe6 19. Rc1 Rac8 20. a4 bxa4 21. Qxa4 e5 22. Rc4 Nb4 23. Rfc1 Rb8 24. Bb1 d3 25. b3 Qb6 26. Rc5 d2 27. Nxd2 0-1

[Event "Tenerife-chT Preferente"]
[Site "Tenerife"]
[Date "2022.03.26"]
[Round "7.3"]
[White "Diaz Reyes, Killian"]
[Black "Machin Arbelo, Pedro Alexis"]
[Result "1/2-1/2"]
[WhiteElo "1933"]
[BlackElo "1988"]
[PlyCount "67"]
[EventDate "2022.01.29"]
[EventType "team-tourn"]
[EventRounds "14"]
[EventCountry "ESP"]
[SourceTitle "EXT 2024"]
[Source "ChessBase"]
[SourceDate "2023.10.10"]
[SourceVersion "1"]
[SourceVersionDate "2023.10.10"]
[SourceQuality "1"]
[WhiteTeam "Fundacion La Caja de Canarias"]
[BlackTeam "El Sauzal"]
[WhiteTeamCountry "ESP"]
[BlackTeamCountry "ESP"]

1. e4 c5 2. Nf3 e6 3. d4 cxd4 4. Nxd4 Nf6 5. Nc3 Bb4 6. e5 Nd5 7. Qg4 g6 8. Ndb5 f5 9. Qg3 Nc6 10. Nd6+ Bxd6 11. exd6 Nxc3 12. Qxc3 Qa5 13. Qxa5 Nxa5 14. b4 Nc6 15. Bb2 0-0 16. b5 Nd8 17. f4 b6 18. h4 h5 19. Rh3 Nf7 20. Rd1 Bb7 21. c4 Rfc8 22. Rd2 Be4 23. a4 Nd8 24. Ba3 Nb7 25. Bb4 a5 26. bxa6 Rxa6 27. Ra3 Rca8 28. Rda2 R6a7 29. Kf2 Bc6 30. Ke3 Rxa4 31. Rxa4 Rxa4 32. Rxa4 Bxa4 33. Kd4 Bc6 34. Ke5 1/2-1/2

[Event "ESP-ch Seniors 50"]
[Site "Altea"]
[Date "2021.11.06"]
[Round "8"]
[White "Brusi Noguera, Ricardo Ll"]
[Black "Machin Arbelo, Pedro Alexis"]
[Result "1/2-1/2"]
[WhiteElo "2079"]
[BlackElo "1940"]
[PlyCount "55"]
[EventDate "2021.10.31"]
[EventType "swiss"]
[EventRounds "9"]
[EventCountry "ESP"]
[SourceTitle "CBM 205 Extra"]
[Source "ChessBase"]
[SourceDate "2022.01.31"]
[SourceVersion "1"]
[SourceVersionDate "2022.01.31"]
[SourceQuality "1"]

1. d4 Nf6 2. Nf3 e6 3. Bg5 d5 4. e3 Be7 5. Nbd2 Nbd7 6. Bd3 c5 7. c3 h6 8. Bh4 a6 9. 0-0 b5 10. a4 c4 11. Bc2 Bb7 12. Bxf6 Bxf6 13. e4 dxe4 14. Nxe4 Be7 15. Qe2 Qc7 16. Rfe1 Rb8 17. axb5 axb5 18. Ng3 0-0 19. Be4 Nf6 20. Bxb7 Qxb7 21. Ne5 Ra8 22. f4 Rxa1 23. Rxa1 Ra8 24. Rb1 Ra2 25. f5 exf5 26. Nxf5 Bf8 27. Qe1 Qe4 28. Qe2 1/2-1/2

[Event "Tenerife-chT Preferente"]
[Site "Tenerife"]
[Date "2021.05.15"]
[Round "6.2"]
[White "Machin Arbelo, Pedro Alexis"]
[Black "Amador Garcia, Ismael"]
[Result "1/2-1/2"]
[WhiteElo "1987"]
[BlackElo "2115"]
[PlyCount "50"]
[EventDate "2021.02.27"]
[EventType "team-tourn"]
[EventRounds "14"]
[EventCountry "ESP"]
[SourceTitle "EXT 2023"]
[Source "ChessBase"]
[SourceDate "2022.10.05"]
[SourceVersion "1"]
[SourceVersionDate "2022.10.05"]
[SourceQuality "1"]
[WhiteTeam "El Sauzal Libreria Barco"]
[BlackTeam "Ebano Barrio Nuevo"]
[WhiteTeamCountry "ESP"]
[BlackTeamCountry "ESP"]

1. d4 Nf6 2. Nc3 d5 3. Bf4 g6 4. e3 Bg7 5. Be2 0-0 6. h4 h6 7. g4 Ne4 8. Nxe4 dxe4 9. g5 h5 10. Bxh5 gxh5 11. Qxh5 Qd5 12. Ne2 c5 13. Rg1 Nc6 14. 0-0-0 Rd8 15. Be5 Bxe5 16. g6 Bg7 17. Qh7+ Kf8 18. Nf4 Qxa2 19. Nh5 cxd4 20. Qxg7+ Ke8 21. Qg8+ Kd7 22. gxf7 Qa1+ 23. Kd2 Qa5+ 24. Kc1 Qa1+ 25. Kd2 Qa5+ 1/2-1/2

[Event "Tenerife-chT Preferente 1920"]
[Site "Tenerife"]
[Date "2020.02.08"]
[Round "6.2"]
[White "Machin Arbelo, Pedro Alexis"]
[Black "Franco, Victor"]
[Result "1/2-1/2"]
[WhiteElo "1995"]
[BlackElo "2127"]
[PlyCount "86"]
[EventDate "2019.11.30"]
[EventType "team-tourn"]
[EventRounds "14"]
[EventCountry "ESP"]
[SourceTitle "CBM 195 Extra"]
[Source "ChessBase"]
[SourceDate "2020.05.31"]
[SourceVersion "1"]
[SourceVersionDate "2020.05.31"]
[SourceQuality "1"]
[WhiteTeam "El Sauzal Libreria Barco"]
[BlackTeam "Rey Ahogado"]
[WhiteTeamCountry "ESP"]
[BlackTeamCountry "ESP"]

1. e4 e5 2. Bc4 Nf6 3. Nc3 Nc6 4. Nf3 Nxe4 5. 0-0 Be7 6. Nxe4 d5 7. Bd3 dxe4 8. Bxe4 Bf6 9. Bxc6+ bxc6 10. Nxe5 0-0 11. Nc4 Bd4 12. Ne3 f5 13. c3 Bb6 14. f4 Ba6 15. Qb3+ Kh8 16. c4 Rb8 17. Qa4 Bb7 18. Qc2 Bd4 19. Kh1 Qf6 20. Rb1 c5 21. Nd5 Qd6 22. b3 Bxd5 23. cxd5 Qxd5 24. Bb2 Rfe8 25. Rbe1 Re4 26. d3 Ree8 27. Bxd4 Qxd4 28. Qc4 Qd6 29. Qf7 Rf8 30. Qe7 Qxd3 31. Qxc7 Qa6 32. Qxc5 Qxa2 33. Re7 Qa6 34. Rfe1 Qf6 35. b4 Qb6 36. Rxa7 Qxb4 37. Qe5 Qb2 38. h3 Qxe5 39. Rxe5 h6 40. Ree7 Rg8 41. Ra5 Rgf8 42. Ree5 Rb4 43. Rxf5 Rxf4 1/2-1/2

[Event "Tenerife-chT Preferente 1920"]
[Site "Tenerife"]
[Date "2020.01.25"]
[Round "5.2"]
[White "Machado Quintero, Gabriel"]
[Black "Machin Arbelo, Pedro Alexis"]
[Result "1-0"]
[WhiteElo "1442"]
[BlackElo "1995"]
[PlyCount "85"]
[EventDate "2019.11.30"]
[EventType "team-tourn"]
[EventRounds "14"]
[EventCountry "ESP"]
[SourceTitle "CBM 195 Extra"]
[Source "ChessBase"]
[SourceDate "2020.05.31"]
[SourceVersion "1"]
[SourceVersionDate "2020.05.31"]
[SourceQuality "1"]
[WhiteTeam "Puerto de la Cruz Piratas"]
[BlackTeam "El Sauzal Libreria Barco"]
[WhiteTeamCountry "ESP"]
[BlackTeamCountry "ESP"]

1. e4 c5 2. Nf3 e6 3. d4 cxd4 4. Nxd4 Nf6 5. Qe2 e5 6. Nf3 Nc6 7. g3 Bc5 8. Bg2 d6 9. h3 Be6 10. 0-0 Nh5 11. Kh2 g6 12. Nc3 h6 13. Na4 Qa5 14. Nxc5 Qxc5 15. Be3 Qc4 16. Qxc4 Bxc4 17. Rfd1 Ke7 18. b3 Be6 19. c4 b6 20. a3 Rac8 21. Rac1 Na5 22. Rd3 f5 23. Nh4 Rcg8 24. Rcd1 Nf6 25. exf5 gxf5 26. Rxd6 Nxb3 27. Rc6 e4 28. Rdd6 Bd7 29. Rxf6 Bxc6 30. Rxc6 Kd7 31. Rxh6 Rxh6 32. Bxh6 Ke6 33. f3 Ke5 34. Bf4+ Kd4 35. Nxf5+ Kxc4 36. fxe4 Nc5 37. Nd6+ Kb3 38. e5 Rg7 39. Bc1 Nd3 40. Bd5+ Ka4 41. Bh6 Re7 42. e6 Nc5 43. Bg5 1-0

[Event "Benidorm op U2000 18th"]
[Site "Benidorm"]
[Date "2019.12.06"]
[Round "9"]
[White "Rojas Fernandez, Andres"]
[Black "Machin Arbelo, Pedro Alexis"]
[Result "0-1"]
[WhiteElo "1888"]
[BlackElo "1995"]
[PlyCount "72"]
[EventDate "2019.11.29"]
[EventType "swiss"]
[EventRounds "10"]
[EventCountry "ESP"]
[SourceTitle "EXT 2022"]
[Source "ChessBase"]
[SourceDate "2021.10.06"]
[SourceVersion "1"]
[SourceVersionDate "2021.10.06"]
[SourceQuality "1"]

1. Nf3 e6 2. g3 Nf6 3. Bg2 d5 4. d4 Nc6 5. 0-0 a6 6. a4 h6 7. e3 Be7 8. c4 Rb8 9. cxd5 exd5 10. Nc3 0-0 11. Bd2 Bf5 12. Ne5 Bb4 13. Qb3 Qd6 14. f4 Na5 15. Qd1 Nc4 16. Nxc4 dxc4 17. Qe2 Bd3 18. Qf3 Bxf1 19. Bxf1 b5 20. Bg2 Rfe8 21. Qc6 Bxc3 22. bxc3 Qxc6 23. Bxc6 Re6 24. axb5 axb5 25. Ra8 Rxa8 26. Bxa8 Ra6 27. Bf3 Ra2 28. Be1 Kf8 29. Kf1 Ke7 30. Bc6 Rb2 31. e4 Ng4 32. e5 Nxh2+ 33. Kg1 Ng4 34. Bf3 h5 35. d5 g6 36. Be4 Re2 0-1

[Event "Benidorm op U2000 18th"]
[Site "Benidorm"]
[Date "2019.12.05"]
[Round "8"]
[White "Machin Arbelo, Pedro Alexis"]
[Black "Malek, Yuriy"]
[Result "1/2-1/2"]
[WhiteElo "1995"]
[BlackElo "1930"]
[PlyCount "39"]
[EventDate "2019.11.29"]
[EventType "swiss"]
[EventRounds "10"]
[EventCountry "ESP"]
[SourceTitle "EXT 2022"]
[Source "ChessBase"]
[SourceDate "2021.10.06"]
[SourceVersion "1"]
[SourceVersionDate "2021.10.06"]
[SourceQuality "1"]

1. d4 d5 2. Nc3 Nf6 3. Bf4 c5 4. e3 Nc6 5. Nb5 Qa5+ 6. c3 e5 7. dxe5 c4 8. a4 a6 9. Nd4 Ne4 10. Nge2 g6 11. f3 Nc5 12. Nxc6 bxc6 13. Nd4 Qb6 14. Qd2 Bf5 15. g4 Nd3+ 16. Bxd3 Bxd3 17. b4 c5 18. bxc5 Bxc5 19. Kf2 Bxd4 20. exd4 1/2-1/2

[Event "Benidorm op U2000 18th"]
[Site "Benidorm"]
[Date "2019.12.02"]
[Round "4"]
[White "Machin Arbelo, Pedro Alexis"]
[Black "Pousada Garcia, Daniel"]
[Result "1-0"]
[WhiteElo "1995"]
[BlackElo "1891"]
[PlyCount "111"]
[EventDate "2019.11.29"]
[EventType "swiss"]
[EventRounds "10"]
[EventCountry "ESP"]
[SourceTitle "EXT 2022"]
[Source "ChessBase"]
[SourceDate "2021.10.06"]
[SourceVersion "1"]
[SourceVersionDate "2021.10.06"]
[SourceQuality "1"]

1. e4 c5 2. Nf3 e6 3. c3 Nf6 4. e5 Nd5 5. Bc4 Nb6 6. Bb5 a6 7. Be2 Nc6 8. d4 cxd4 9. cxd4 d6 10. exd6 Bxd6 11. Nc3 0-0 12. Be3 Nb4 13. 0-0 Bd7 14. Ne5 N4d5 15. Nxd7 Qxd7 16. Bf3 Rac8 17. Nxd5 Nxd5 18. Qb3 Rc6 19. g3 Rb6 20. Qc2 Rc8 21. Qe2 Be7 22. Rfc1 Rd8 23. a3 Qb5 24. Rc2 Qxe2 25. Bxe2 Bf6 26. Rac1 Rbd6 27. Bf3 R6d7 28. Kf1 h6 29. Rc8 Rxc8 30. Rxc8+ Kh7 31. Be4+ g6 32. Bxd5 exd5 33. Ke2 Kg7 34. Kd3 Rd6 35. Rc7 Rb6 36. b4 h5 37. Rd7 Rb5 38. Bd2 Kf8 39. a4 Ke8 40. Rc7 Rb6 41. h4 Be7 42. b5 axb5 43. a5 Rf6 44. f4 Ra6 45. Rxb7 b4 46. Rb5 Kd7 47. Rxd5+ Kc6 48. Kc4 b3 49. Rb5 Bd8 50. Rxb3 Bxa5 51. d5+ Kd6 52. Ra3 Bxd2 53. Rxa6+ Kd7 54. Ra7+ Ke8 55. d6 Be1 56. Re7+ 1-0

[Event "Lanzarote op"]
[Site "Lanzarote"]
[Date "2019.06.27"]
[Round "6"]
[White "Perez Bolanos, David"]
[Black "Machin Arbelo, Pedro Alexis"]
[Result "1-0"]
[WhiteElo "1900"]
[BlackElo "2031"]
[PlyCount "61"]
[EventDate "2019.06.24"]
[EventType "swiss"]
[EventRounds "9"]
[EventCountry "ESP"]
[SourceTitle "CBM 191 Extra"]
[Source "ChessBase"]
[SourceDate "2019.09.30"]
[SourceVersion "1"]
[SourceVersionDate "2019.09.30"]
[SourceQuality "1"]

1. e4 e6 2. d4 d5 3. Bd3 Nf6 4. e5 Nfd7 5. f4 c5 6. c3 Nc6 7. Nf3 Qb6 8. Bc2 cxd4 9. cxd4 Nb4 10. 0-0 Nxc2 11. Qxc2 f5 12. Nc3 Be7 13. Kh1 0-0 14. Rg1 Nb8 15. g4 Bd7 16. Be3 Qc6 17. gxf5 Rxf5 18. Qg2 g6 19. Rac1 Be8 20. Ne2 Qd7 21. Ng3 Rf8 22. Rce1 Kh8 23. f5 Bb4 24. fxe6 Qxe6 25. Ng5 Qg4 26. h3 Qh4 27. Ref1 Na6 28. a3 h6 29. Nf3 Rxf3 30. Rxf3 Be7 31. Nf5 1-0

[Event "Lanzarote op"]
[Site "Lanzarote"]
[Date "2019.06.24"]
[Round "1"]
[White "Betancort Gonzalez, Esteban Dimitri"]
[Black "Machin Arbelo, Pedro Alexis"]
[Result "0-1"]
[WhiteElo "1393"]
[BlackElo "2031"]
[PlyCount "42"]
[EventDate "2019.06.24"]
[EventType "swiss"]
[EventRounds "9"]
[EventCountry "ESP"]
[SourceTitle "CBM 191 Extra"]
[Source "ChessBase"]
[SourceDate "2019.09.30"]
[SourceVersion "1"]
[SourceVersionDate "2019.09.30"]
[SourceQuality "1"]

1. e4 c5 2. Nc3 e6 3. f4 Nc6 4. Bc4 a6 5. Nf3 b5 6. Be2 Bb7 7. d3 d5 8. a3 b4 9. Nb1 dxe4 10. dxe4 Qa5 11. 0-0 Rd8 12. Qe1 Nf6 13. e5 Nd5 14. Bc4 Nd4 15. Nxd4 cxd4 16. Bd2 Qc5 17. Bd3 Ne3 18. Bxe3 dxe3 19. Qg3 e2+ 20. Qf2 exf1Q+ 21. Kxf1 Qxf2+ 0-1

[Event "Tenerife-chT Preferente 1819"]
[Site "Tenerife"]
[Date "2019.04.06"]
[Round "13.3"]
[White "Machin Arbelo, Pedro Alexis"]
[Black "Alvarez Alonso, Alberto"]
[Result "1-0"]
[WhiteElo "1973"]
[BlackElo "2056"]
[PlyCount "63"]
[EventDate "2018.11.24"]
[EventType "team-tourn"]
[EventRounds "14"]
[EventCountry "ESP"]
[SourceTitle "EXT 2021"]
[Source "ChessBase"]
[SourceDate "2020.10.23"]
[SourceVersion "1"]
[SourceVersionDate "2020.10.23"]
[SourceQuality "1"]
[WhiteTeam "El Sauzal Libreria Barco"]
[BlackTeam "Fundacion La Caja de Canarias"]
[WhiteTeamCountry "ESP"]
[BlackTeamCountry "ESP"]

1. e4 e6 2. c3 d5 3. e5 c5 4. d4 Qb6 5. Nf3 Bd7 6. Nbd2 cxd4 7. Nxd4 Nc6 8. Nxc6 bxc6 9. Bd3 c5 10. 0-0 Ne7 11. Kh1 Nc6 12. f4 Be7 13. a3 a5 14. Rb1 h5 15. Nf3 a4 16. Be3 Na5 17. Bc2 Nc4 18. Bc1 g6 19. Re1 Bc6 20. Bd3 Na5 21. Be3 0-0 22. Bf2 Bb5 23. Bc2 Nc4 24. Nh4 Kg7 25. f5 Bxh4 26. Bxh4 exf5 27. Bf6+ Kg8 28. Bxf5 Rfe8 29. Bd3 d4 30. cxd4 cxd4 31. Bxc4 Bxc4 32. Qc1 1-0

[Event "Tenerife-chT Preferente 1819"]
[Site "Tenerife"]
[Date "2019.03.23"]
[Round "11.3"]
[White "Svensson del Pino, German"]
[Black "Machin Arbelo, Pedro Alexis"]
[Result "1/2-1/2"]
[WhiteElo "1934"]
[BlackElo "1973"]
[PlyCount "63"]
[EventDate "2018.11.24"]
[EventType "team-tourn"]
[EventRounds "14"]
[EventCountry "ESP"]
[SourceTitle "CBM 189 Extra"]
[Source "ChessBase"]
[SourceDate "2019.06.03"]
[SourceVersion "1"]
[SourceVersionDate "2019.06.03"]
[SourceQuality "1"]
[WhiteTeam "Rey Ahogado"]
[BlackTeam "El Sauzal Libreria Barco"]
[WhiteTeamCountry "ESP"]
[BlackTeamCountry "ESP"]

1. e4 c5 2. Nf3 e6 3. Nc3 Nc6 4. d4 cxd4 5. Nxd4 Bb4 6. Ndb5 Nf6 7. a3 Bxc3+ 8. Nxc3 0-0 9. Bd3 a6 10. 0-0 b5 11. Bg5 d6 12. Kh1 Ne5 13. f4 Nxd3 14. cxd3 Qb6 15. Bxf6 gxf6 16. Qg4+ Kh8 17. Qh4 Qd8 18. Rf3 Rg8 19. Rh3 Rg7 20. Re1 Bb7 21. Rg3 Rxg3 22. Qxg3 Qe7 23. Qh4 Rg8 24. Re3 Rg6 25. Rh3 h6 26. Rg3 Qf8 27. Kg1 Qg7 28. f5 exf5 29. exf5 Rg5 30. Qf4 Bc8 31. Rxg5 fxg5 32. Qf3 1/2-1/2

[Event "Tenerife-chT Preferente 1819"]
[Site "Tenerife"]
[Date "2019.01.26"]
[Round "6.3"]
[White "Alvarez Alonso, Alberto"]
[Black "Machin Arbelo, Pedro Alexis"]
[Result "1-0"]
[WhiteElo "2056"]
[BlackElo "1973"]
[PlyCount "83"]
[EventDate "2018.11.24"]
[EventType "team-tourn"]
[EventRounds "14"]
[EventCountry "ESP"]
[SourceTitle "CBM 189 Extra"]
[Source "ChessBase"]
[SourceDate "2019.06.03"]
[SourceVersion "1"]
[SourceVersionDate "2019.06.03"]
[SourceQuality "1"]
[WhiteTeam "Fundacion La Caja de Canarias"]
[BlackTeam "El Sauzal Libreria Barco"]
[WhiteTeamCountry "ESP"]
[BlackTeamCountry "ESP"]

1. e4 c5 2. Nf3 e6 3. d4 cxd4 4. Nxd4 Nf6 5. Nc3 Bb4 6. Bd3 Nc6 7. a3 e5 8. Nde2 Bc5 9. 0-0 Ng4 10. h3 Nf6 11. Nd5 Nxd5 12. exd5 Ne7 13. b4 Bd6 14. c4 b6 15. Be3 Bb7 16. Nc3 Bb8 17. Qb3 d6 18. b5 f5 19. f4 e4 20. Bc2 Bc7 21. Ne2 Bc8 22. Nd4 Bd7 23. a4 Nc8 24. Bd1 Qf6 25. Be2 Qf7 26. Kh2 Bd8 27. Nc6 Bf6 28. Ra2 0-0 29. a5 Bxc6 30. bxc6 Bd8 31. Rb1 Rb8 32. c5 dxc5 33. Bxc5 Be7 34. Bxe7 Nxe7 35. c7 Rbc8 36. d6 Qxb3 37. Rxb3 Nc6 38. Bc4+ Kh8 39. axb6 axb6 40. Be6 Nd4 41. Bxc8 Nxb3 42. d7 1-0

[Event "Benidorm op U2000 17th"]
[Site "Benidorm"]
[Date "2018.12.06"]
[Round "8"]
[White "Bote Kobolo, Benjamin"]
[Black "Machin Arbelo, Pedro Alexis"]
[Result "0-1"]
[WhiteElo "1948"]
[BlackElo "1973"]
[PlyCount "162"]
[EventDate "2018.11.30"]
[EventType "swiss"]
[EventRounds "10"]
[EventCountry "ESP"]
[SourceTitle "EXT 2022"]
[Source "ChessBase"]
[SourceDate "2021.10.06"]
[SourceVersion "1"]
[SourceVersionDate "2021.10.06"]
[SourceQuality "1"]

1. e4 c5 2. Nf3 e6 3. Nc3 Nc6 4. a3 a6 5. Bc4 Nf6 6. Qe2 d6 7. d3 b5 8. Ba2 h6 9. 0-0 Be7 10. h3 Bb7 11. Nd1 Nd4 12. Nxd4 cxd4 13. f4 e5 14. Nf2 Qc7 15. Bb3 Bc8 16. Bd2 Be6 17. Rac1 Bxb3 18. cxb3 Qd7 19. Nh1 Rc8 20. Ng3 Rxc1 21. Rxc1 g6 22. Rc2 h5 23. Qd1 0-0 24. Nf1 Rc8 25. Nh2 Ne8 26. Nf3 Rxc2 27. Qxc2 Bf6 28. Qd1 Ng7 29. Kh2 exf4 30. Bxf4 Ne6 31. Bg3 Qc7 32. b4 Be5 33. Qd2 Kg7 34. Qf2 f6 35. Bxe5 dxe5 36. Qd2 Qc6 37. Ng1 Nf4 38. g3 Ne6 39. Ne2 f5 40. exf5 gxf5 41. Ng1 e4 42. Qe2 Kg6 43. h4 Nf8 44. Nh3 Ne6 45. Nf2 e3 46. Nh3 Qc1 47. Ng1 Qd2 48. Kh3 f4 49. Qf3 Qf2 50. Qg2 fxg3 51. Qxg3+ Kf7 52. Nf3 Qf1+ 53. Kh2 Qe2+ 54. Kg1 Qd1+ 55. Kh2 Qe2+ 56. Kh3 Qf1+ 57. Kh2 Qe2+ 58. Kg1 Qd1+ 59. Kh2 Ke7 60. Nxd4 Nxd4 61. Qxe3+ Ne6 62. Qa7+ Kf6 63. Qxa6 Qe2+ 64. Kg1 Qxd3 65. a4 Qd1+ 66. Kf2 Qxa4 67. Qxa4 bxa4 68. b5 Nc5 69. b6 Ke6 70. Ke3 Kd6 71. Kf4 Nd3+ 72. Kg5 Nxb2 73. Kxh5 a3 74. Kg6 a2 75. h5 a1Q 76. h6 Nc4 77. b7 Kc7 78. Kf7 Qh8 79. Kg6 Kxb7 80. h7 Ne5+ 81. Kh6 Qf6+ 0-1

[Event "Benidorm op U2000 17th"]
[Site "Benidorm"]
[Date "2018.12.05"]
[Round "7"]
[White "Machin Arbelo, Pedro Alexis"]
[Black "Perea Blanco, David"]
[Result "1-0"]
[WhiteElo "1973"]
[BlackElo "1874"]
[PlyCount "63"]
[EventDate "2018.11.30"]
[EventType "swiss"]
[EventRounds "10"]
[EventCountry "ESP"]
[SourceTitle "EXT 2022"]
[Source "ChessBase"]
[SourceDate "2021.10.06"]
[SourceVersion "1"]
[SourceVersionDate "2021.10.06"]
[SourceQuality "1"]

1. d4 Nf6 2. Nc3 d5 3. Bf4 c6 4. e3 Bg4 5. f3 Bf5 6. g4 Bg6 7. h4 h5 8. g5 Nfd7 9. Nh3 e6 10. Bg3 a6 11. Nf4 Bf5 12. g6 c5 13. Bd3 Nf6 14. Bxf5 exf5 15. gxf7+ Kxf7 16. Qd3 cxd4 17. Qxf5 Qd7 18. Qg6+ Kg8 19. exd4 Bb4 20. Nfe2 Nc6 21. 0-0-0 Rh6 22. Qg5 Na5 23. Rhg1 Qf7 24. Be5 Kf8 25. Rg3 Ne8 26. Rdg1 Rh7 27. Nxd5 Nc6 28. Nef4 Nxe5 29. dxe5 Bc5 30. e6 Be3+ 31. Nxe3 Qc7 32. Ned5 1-0

[Event "Tenerife-chT Preferente 1617"]
[Site "Tenerife"]
[Date "2017.01.21"]
[Round "4.2"]
[White "Villavicencio Martinez, Carlos Luis"]
[Black "Machin Arbelo, Pedro Alexis"]
[Result "1-0"]
[WhiteElo "2128"]
[BlackElo "2017"]
[PlyCount "87"]
[EventDate "2016.12.10"]
[EventType "team-tourn"]
[EventRounds "14"]
[EventCountry "ESP"]
[SourceTitle "CBM 176 Extra"]
[Source "ChessBase"]
[SourceDate "2017.03.02"]
[SourceVersion "1"]
[SourceVersionDate "2017.03.02"]
[SourceQuality "1"]
[WhiteTeam "Laguna Cotelec"]
[BlackTeam "La Gomera"]
[WhiteTeamCountry "ESP"]
[BlackTeamCountry "ESP"]

1. e4 e6 2. d4 d5 3. Nd2 Nf6 4. e5 Nfd7 5. c3 c5 6. Bd3 Nc6 7. Ne2 cxd4 8. cxd4 f6 9. exf6 Nxf6 10. Nf3 Bd6 11. 0-0 0-0 12. Bg5 Qc7 13. Bh4 Ng4 14. Bg3 Bd7 15. Nc3 Bxg3 16. hxg3 h6 17. Rc1 Rad8 18. Bb1 Be8 19. Re1 Qf7 20. Qd3 g5 21. a3 Nf6 22. Re2 Bd7 23. Rce1 Bc8 24. Ne5 Nxe5 25. dxe5 Ne8 26. g4 Rd7 27. Nb5 a6 28. Nd4 Re7 29. g3 Bd7 30. f3 Nc7 31. Rf2 Nb5 32. Nb3 Na7 33. Nc5 Bb5 34. Qd2 Rc7 35. b4 b6 36. Nb3 Nc6 37. f4 Bc4 38. Nd4 Nxd4 39. Qxd4 h5 40. f5 hxg4 41. f6 Rfc8 42. Qxg4 Bb3 43. Rh2 Bc2 44. Bxc2 1-0

[Event "Tenerife-chT Preferente 1516"]
[Site "Tenerife"]
[Date "2016.02.27"]
[Round "8.2"]
[White "Cabrera Trujillo, Jorge Juan"]
[Black "Machin Arbelo, Pedro Alexis"]
[Result "1-0"]
[WhiteElo "2352"]
[BlackElo "2011"]
[PlyCount "85"]
[EventDate "2015.12.12"]
[EventType "team-tourn"]
[EventRounds "14"]
[EventCountry "ESP"]
[SourceTitle "EXT 2017"]
[Source "ChessBase"]
[SourceDate "2016.10.25"]
[SourceVersion "1"]
[SourceVersionDate "2016.10.25"]
[SourceQuality "1"]
[WhiteTeam "Cajacanarias"]
[BlackTeam "La Gomera"]
[WhiteTeamCountry "ESP"]
[BlackTeamCountry "ESP"]

1. Nf3 Nf6 2. g3 d5 3. Bg2 Nc6 4. d4 e6 5. 0-0 Bd6 6. c4 dxc4 7. Nbd2 0-0 8. Nxc4 h6 9. a3 Re8 10. b4 a6 11. Bb2 Rb8 12. Qc2 Bf8 13. Rac1 Ne7 14. e4 c6 15. e5 Nd7 16. Nd6 Nd5 17. Nxe8 Qxe8 18. h4 Qd8 19. Nd2 N7b6 20. Rfe1 Be7 21. Bf1 Bd7 22. Nb3 Be8 23. Qe4 Nd7 24. Bd3 Nf8 25. Rc2 Nb6 26. Qg4 Nd5 27. Bc1 f5 28. exf6 Nxf6 29. Qh3 Bf7 30. Rd2 Nd5 31. Nc5 a5 32. b5 Qb6 33. Nxe6 cxb5 34. Nxf8 Bxf8 35. Qf5 g6 36. Qf3 Rd8 37. h5 gxh5 38. Qf5 Nf6 39. Rde2 Rd5 40. Qf3 Ng4 41. Bf5 Rxd4 42. Bb2 Rc4 43. Bh7+ 1-0